[Event "3rd Kolkata Open Grandmaster Chess Tournament "]
[Site "Kolkata India"]
[EventDate "2008.03.23"]
[Date "2008.03.26"]
[Round "3"]
[White "Das, Arghyadip"]
[WhiteTitle "-"]
[WhiteElo "2404"]
[Black "Sasikiran, Krishnan"]
[BlackTitle "GM"]
[BlackElo "2677"]
[Result "1/2-1/2"]
[Source "MonRoi"]

1. e4 e5 2. Nf3 Nc6 3. Bc4 Bc5 4. c3 Nf6 5. d3 a6 6. Bb3 d6 7. Nbd2 Ba7 8. h3 h6 9. Nf1 Be6 10. Ng3 Qd7 11. Nh4 g6 12. Bxe6 Qxe6 13. Qb3 Nd8 14. Be3 Qe7 15. Nf3 Bxe3 16. fxe3 Nd7 17. d4 h5 18. O-O-O Qe6 19. Ng5 Qxb3 20. axb3 Ke7 21. Rhf1 h4 22. Nh1 Rh5 23. Nf3 Ne6 24. Kc2 Rf8 25. Nf2 f6 26. Nd3 Ng5 27. Nxg5 Rxg5 28. Rd2 Re8 29. Rdf2 Kd8 30. Re1 Rg3 31. Ree2 Ke7 32. Ne1 Rg5 33. Nf3 Rh5 34. Re1 Rg8 35. Ref1 Rg7 36. Kd3 f5 37. Nd2 Rf7 38. Ke2 Rf6 39. b4 c6 40. Kd1 Ke6 41. c4 d5 42. cxd5 cxd5 43. exf5 Rfxf5 44. Nf3 e4 45. Ng1 Rxf2 46. Rxf2 Rh8 47. Ne2 g5 48. Nc3 Nb6 49. b3 Nc8 50. Na4 Nd6 51. Nc5 Ke7 52. Ke1 Rc8 53. Kd2 Rg8 54. Ke1 g4 55. hxg4 Rxg4 56. Kf1 Rg3 57. Rf4 h3 58. gxh3 Rxe3 59. Rh4 Rf3 60. Ke1 Nf5 61. Rh7 Kf6 62. Rd7 e3 63. Rd8 Ke7 64. Rd7 Ke8 65. Rxd5 Ng3 66. Re5 Kd8 67. Kd1 e2 68. Kd2 Rf1 69. Nd3 Rh1 70. Kc2 Rxh3 71. Nf4 Rh2 72. Kd3 e1Q 73. Rxe1 Rb2 74. Kc3 Rf2 75. Ne6 Kc8 76. Nc5 Nf5 77. Nd3 Rf3 78. Re4 Nd6 79. Rg4 Rh3 80. d5 Nb5 81. Kc4 Kc7 82. Rg7 Kb6 83. Rg6 Kc7 84. Rg7 Kd6 85. Rg6 Ke7 86. Re6 Kd8 87. Rg6 Kc7  1/2-1/2

[Event "3rd Kolkata Open Grandmaster Chess Tournament "]
[Site "Kolkata India"]
[EventDate "2008.03.23"]
[Date "2008.03.26"]
[Round "3"]
[White "Akshayraj, Kore"]
[WhiteTitle "IM"]
[WhiteElo "2399"]
[Black "Koneru, Humpy"]
[BlackTitle "GM"]
[BlackElo "2612"]
[Result "0-1"]
[Source "MonRoi"]

1. e4 e5 2. Nf3 Nc6 3. Bb5 a6 4. Ba4 Nf6 5. O-O Be7 6. Bxc6 dxc6 7. d3 Nd7 8. Nbd2 O-O 9. Nc4 f6 10. Nh4 Nb6 11. Ne3 g6 12. Nf3 c5 13. a4 Be6 14. a5 Nc8 15. c3 Nd6 16. Qc2 Nb5 17. Ra4 Qd7 18. Rd1 Rfd8 19. h3 Bf8 20. Nc4 Na7 21. d4 cxd4 22. cxd4 exd4 23. Rxd4 Qf7 24. b3 Nc6 25. Rd2 Bb4 26. Rxd8 Rxd8 27. Bb2 Qd7 28. Bxf6 Qd1 29. Qxd1 Rxd1 30. Kh2 Rd3 31. Nd4 Nxd4 32. Rxb4 Rxb3 33. Ra4 Nc2 34. Ne5 Rb5 35. Nc4 Kf7 36. e5 Rb4 37. Rxb4 Nxb4 38. Ne3 c5 39. f4 c4 40. Bh4 c3 41. Be1 c2 42. Bd2 Bb3 43. f5 gxf5 44. Nxf5 Nd3 45. Nd6 Ke6 46. Nxb7 Kxe5 47. g4 Bd5  0-1

[Event "3rd Kolkata Open Grandmaster Chess Tournament "]
[Site "Kolkata India"]
[EventDate "2008.03.23"]
[Date "2008.03.26"]
[Round "3"]
[White "Kobese, Watu"]
[WhiteTitle "IM"]
[WhiteElo "2389"]
[Black "Sandipan, Chanda"]
[BlackTitle "GM"]
[BlackElo "2593"]
[Result "0-1"]
[Source "MonRoi"]

1. e4 c5 2. Nf3 e6 3. d4 cxd4 4. Nxd4 Nf6 5. Nc3 d6 6. Bc4 Be7 7. Bb3 O-O 8. Be3 Na6 9. f3 Nc5 10. Qd2 Bd7 11. g4 a5 12. g5 Nh5 13. Bc4 Rc8 14. Be2 Na4 15. Nxa4 Bxa4 16. f4 Nxf4 17. Bxf4 e5 18. Nf5 Rxc2 19. Nxe7 Qxe7 20. Qxa5 exf4 21. Qxa4 Rfc8 22. Qd4 Qxg5 23. Rf1 Qg2 24. Bd1 R8c4  0-1

[Event "3rd Kolkata Open Grandmaster Chess Tournament "]
[Site "Kolkata India"]
[EventDate "2008.03.23"]
[Date "2008.03.26"]
[Round "3"]
[White "Adly, Ahmed"]
[WhiteTitle "GM"]
[WhiteElo "2551"]
[Black "Garma, Chito"]
[BlackTitle "IM"]
[BlackElo "2383"]
[Result "1-0"]
[Source "MonRoi"]

1. d4 e6 2. Nd2 c5 3. e3 Nf6 4. Ngf3 b6 5. Bd3 Bb7 6. O-O Qc7 7. c3 Be7 8. e4 d5 9. e5 Nfd7 10. Re1 g5 11. Nf1 g4 12. Ng5 h5 13. Ng3 Nc6 14. Nf5 Rg8 15. h4 gxh3 16. Nd6 Bxd6 17. exd6 Qxd6 18. Rxe6 fxe6 19. Qxh5 Kd8 20. Nf7 Kc7 21. Nxd6 Rxg2 22. Kf1 Rag8 23. Nb5 Kc8 24. Qxh3 Rg1 25. Ke2 cxd4 26. Qxe6 dxc3 27. Qd6 Re8 28. Be3 Nd4 29. Nxd4 Rxa1 30. Ne6 Rxe6 31. Qxe6  1-0

[Event "3rd Kolkata Open Grandmaster Chess Tournament "]
[Site "Kolkata India"]
[EventDate "2008.03.23"]
[Date "2008.03.26"]
[Round "3"]
[White "Rahman, Ziaur"]
[WhiteTitle "GM"]
[WhiteElo "2492"]
[Black "Frhat, Ali"]
[BlackTitle "IM"]
[BlackElo "2379"]
[Result "1-0"]
[Source "MonRoi"]

1. Nf3 d5 2. d4 Nf6 3. c4 c6 4. e3 Bf5 5. Nc3 e6 6. Nh4 Bg4 7. Qb3 Qc7 8. h3 Bh5 9. g4 Bg6 10. Nxg6 hxg6 11. Bg2 Nbd7 12. Bd2 Nb6 13. cxd5 exd5 14. O-O-O a5 15. Kb1 a4 16. Qc2 Nc4 17. g5 Nd7 18. e4 Qb6 19. Ka1 a3 20. b3 Nxd2 21. Rxd2 Bb4 22. exd5 O-O 23. dxc6 bxc6 24. h4 Rad8 25. Rd3 Rfe8 26. Na4 Qa5 27. Re3 Rxe3 28. fxe3 c5 29. h5 gxh5 30. g6 cxd4 31. exd4 Nf6 32. Qc4 Bd6 33. gxf7 Kf8 34. Rd1 Qg5 35. Bc6 Qg4 36. Rc1 Rc8 37. Re1 Bg3 38. Rc1 h4 39. b4 Rxc6 40. Qxc6 Qxd4 41. Qc3 Qxc3 42. Nxc3 h3 43. Kb1 Bf4 44. Rh1 h2 45. Kc2 Kxf7 46. Kd3 Ke6 47. Ke2 Be5 48. Nb1 g5 49. Kf3 g4 50. Kg2 g3 51. Nxa3 Nd5 52. Nc4 Bb8 53. Re1 Kf6 54. Rd1 Nxb4 55. Rb1 Nc2 56. Rxb8 Ne1 57. Kh1 Nd3 58. Rh8 Kf5 59. Kg2 Kf4 60. Rh4  1-0

[Event "3rd Kolkata Open Grandmaster Chess Tournament "]
[Site "Kolkata India"]
[EventDate "2008.03.23"]
[Date "2008.03.26"]
[Round "3"]
[White "Ramesh, R B"]
[WhiteTitle "GM"]
[WhiteElo "2473"]
[Black "Prakash, G B"]
[BlackTitle "IM"]
[BlackElo "2341"]
[Result "1-0"]
[Source "MonRoi"]

1. e4 c6 2. d4 d5 3. e5 Bf5 4. Nf3 e6 5. Be2 Ne7 6. O-O c5 7. c4 Nbc6 8. Na3 dxc4 9. Nxc4 Nd5 10. Bg5 Qd7 11. Rc1 h6 12. Be3 b5 13. Na3 a6 14. dxc5 Rd8 15. Nxb5 Nxe3 16. fxe3 Qxd1 17. Rxd1 Rxd1 18. Rxd1 Bxc5 19. Nbd4 Bxd4 20. Nxd4 Nxd4 21. Rxd4 Ke7 22. Bxa6 Rb8 23. b4 f6 24. exf6 gxf6 25. b5 e5 26. Rc4 Bd3 27. Rc7 Ke6 28. a4 h5 29. Bb7 h4 30. b6 Kd6 31. a5 f5 32. Kf2 Bb5 33. Ke1 f4 34. exf4 exf4 35. Kf2 Ke6 36. a6 Bxa6 37. Bxa6 Rxb6 38. Rh7 Rb2 39. Be2 f3 40. gxf3  1-0

[Event "3rd Kolkata Open Grandmaster Chess Tournament "]
[Site "Kolkata India"]
[EventDate "2008.03.23"]
[Date "2008.03.26"]
[Round "3"]
[White "Sriram, Jha"]
[WhiteTitle "IM"]
[WhiteElo "2457"]
[Black "Babu, N Sudhakar"]
[BlackTitle "IM"]
[BlackElo "2333"]
[Result "0-1"]
[Source "MonRoi"]

1. d4 d5 2. c4 e6 3. Nc3 Nf6 4. cxd5 exd5 5. Bg5 c6 6. Qc2 Na6 7. a3 Nc7 8. e3 Be7 9. Bd3 Ne6 10. Bh4 g6 11. Nge2 Ng7 12. f3 Bf5 13. O-O Ng4 14. fxg4 Bxd3 15. Qxd3 Bxh4 16. e4 dxe4 17. Qxe4 Qe7 18. d5 Qxe4 19. Nxe4 cxd5 20. Nd6 Ke7 21. Rxf7 Kxd6 22. Rxg7 b6 23. Rf1 Raf8 24. g3 Rxf1 25. Kxf1 Bf6 26. Rxa7 Bxb2 27. Nf4 Bd4 28. Ke2 g5 29. Nh5 Re8 30. Kd3 Bc5 31. a4 Re3 32. Kd2 d4 33. Ng7 Bb4 34. Kd1 Ke5 35. Ra8 Ke4 36. Rd8 Ra3 37. Nf5 Bc5 38. Kc2 Rxa4 39. Re8 Kd5 40. h4 gxh4 41. gxh4 Kc4 42. Kb2 Rb4 43. Kc1 Kc3 44. Ne7 Kd3 45. Nd5 Rc4 46. Kd1 Ra4 47. Nf4 Kc4 48. g5 Ra1 49. Kc2 Ra2 50. Kd1 d3 51. Rd8 Ra1 52. Kd2 Bb4 53. Ke3 Re1 54. Kf2 d2 55. Nd3 Bc3 56. Nb2 Kb3 57. Nd3  0-1

[Event "3rd Kolkata Open Grandmaster Chess Tournament "]
[Site "Kolkata India"]
[EventDate "2008.03.23"]
[Date "2008.03.26"]
[Round "3"]
[White "Sundararajan, Kidambi"]
[WhiteTitle "IM"]
[WhiteElo "2442"]
[Black "Solomon, Kenny"]
[BlackTitle "IM"]
[BlackElo "2332"]
[Result "1/2-1/2"]
[Source "MonRoi"]

1. d4 Nf6 2. c4 e6 3. Nc3 c5 4. d5 exd5 5. cxd5 d6 6. e4 g6 7. h3 Bg7 8. Nf3 O-O 9. Bd3 a6 10. a4 Nbd7 11. O-O Re8 12. Bf4 Qe7 13. Re1 Nh5 14. Bh2 Qf8 15. Nd2 Be5 16. Nc4 Bxh2 17. Kxh2 Rb8 18. a5 Ne5 19. Nxe5 Rxe5 20. Qc1 g5 21. Ne2 Qh6 22. b4 cxb4 23. Rb1 Qf6 24. Qe3 Ra8 25. Rxb4 Qe7 26. f4 Rxd5 27. Nc3 Rxd3 28. Qxd3 Nxf4 29. Qg3 Be6 30. Nd5 Bxd5 31. exd5 Qf6 32. Rf1 Kf8 33. Rxb7 Rc8 34. Rb6 Qe5 35. Rc6 Rb8 36. Qc3 Qxc3 37. Rxc3 Rb2 38. Kh1 Ra2 39. g3 Nxd5 40. Rcf3 f6 41. Rd1 Rxa5 42. Rf5 Ne3 43. Rxa5 Nxd1 44. Rxa6 Nf2 45. Kg2 Ne4 46. Kf3 Nc5 47. Rxd6 Kf7 48. Rc6 Ne6 49. Ke4 Ng7 50. g4 h5 51. Ra6 Kg6 52. Kd5 hxg4 53. hxg4 Kf7 54. Ra7 Kg6 55. Ra6 Kf7 56. Kd6 f5 57. gxf5 Nxf5 58. Ke5 Nh4 59. Ke4 Kg7 60. Ke3 Kf7 61. Kf2 Nf5 62. Kf3 Ng7 63. Kg4 Ne6 64. Kf5 Ng7 65. Kxg5 Ne6 66. Kf5 Ng7 67. Ke5 Nh5 68. Ra1 Ng7 69. Rh1 Kg6 70. Rg1 Kf7 71. Rf1 Ke7 72. Rf6 Ne8 73. Ra6 Nc7 74. Rd6 Ne8 75. Rd4  1/2-1/2

[Event "3rd Kolkata Open Grandmaster Chess Tournament "]
[Site "Kolkata India"]
[EventDate "2008.03.23"]
[Date "2008.03.26"]
[Round "3"]
[White "Barbosa, Oliver"]
[WhiteTitle "-"]
[WhiteElo "2410"]
[Black "Minhazuddin, Ahmed"]
[BlackTitle "FM"]
[BlackElo "2333"]
[Result "1-0"]
[Source "MonRoi"]

1. Nf3 Nf6 2. c4 e6 3. g3 b6 4. Bg2 Bb7 5. O-O Be7 6. d4 d5 7. Nc3 O-O 8. Ne5 Nbd7 9. Qa4 Nxe5 10. dxe5 Ne4 11. Nxe4 dxe4 12. Rd1 Qe8 13. Qc2 Qc6 14. Rd4 Qc5 15. Rd7 Rad8 16. Be3 Qxe5 17. Bf4 Qf6 18. Rxc7 Ba8 19. Be3 Rc8 20. Rxc8 Rxc8 21. Rd1 Bf8 22. b3 Qe5 23. Rd7 Qa1 24. Rd1 Qe5 25. Bf4 Qf5 26. Be3 Qe5 27. h4 h6 28. Rd7 Bc5 29. Bxc5 bxc5 30. Qd2 Bc6 31. Rd8 Rxd8 32. Qxd8 Kh7 33. Kh2 Qf6 34. Qd6 e5 35. Qxc5 a6 36. Qb6 Ba8 37. Qa7  1-0

[Event "3rd Kolkata Open Grandmaster Chess Tournament "]
[Site "Kolkata India"]
[EventDate "2008.03.23"]
[Date "2008.03.26"]
[Round "3"]
[White "Singh, D P"]
[WhiteTitle "IM"]
[WhiteElo "2326"]
[Black "Suvrajit, Saha"]
[BlackTitle "IM"]
[BlackElo "2363"]
[Result "1/2-1/2"]
[Source "MonRoi"]

1. d4 Nf6 2. Nf3 e6 3. c4 d5 4. e3 Be7 5. b3 Ne4 6. Bd3 f5 7. O-O Nd7 8. Bb2 O-O 9. Nc3 c6 10. Ne2 Bd6 11. Ne5 Qe7 12. Rc1 a5 13. f3 Ng5 14. Kh1 Nf7 15. f4 Nf6 16. Kg1 Ne4 17. c5 Bc7 18. a3 Nxe5 19. fxe5 Bd7 20. Bxe4 dxe4 21. Bc3 Be8 22. Qc2 g5 23. g4 Bg6 24. Ng3 fxg4 25. Nxe4 Rxf1 26. Rxf1 Rf8 27. Qg2 Rxf1 28. Kxf1 Bxe4 29. Qxe4 Qf7 30. Ke2 Qh5 31. Kd3 Qh3 32. Be1 Kg7 33. Qh1 h5 34. Qg1 Qf3 35. Qf2 Qd1 36. Kc4 Qc1 37. Kd3 Qb1 38. Kc4 Qf5 39. e4 Qf4 40. Qxf4 gxf4 41. Bh4 Kf7 42. Kd3 b6 43. b4 bxc5 44. bxc5 Ke8 45. Bg5 f3 46. a4 Bd8 47. Bf6  1/2-1/2

[Event "3rd Kolkata Open Grandmaster Chess Tournament "]
[Site "Kolkata India"]
[EventDate "2008.03.23"]
[Date "2008.03.26"]
[Round "3"]
[White "Hossain, Enamul"]
[WhiteTitle "IM"]
[WhiteElo "2522"]
[Black "Swapnil, S  Dhopade"]
[BlackTitle "-"]
[BlackElo "2319"]
[Result "1/2-1/2"]
[Source "MonRoi"]

1. e4 c6 2. d4 d5 3. Nc3 dxe4 4. Nxe4 Bf5 5. Ng3 Bg6 6. h4 h6 7. Nf3 Nf6 8. Ne5 Bh7 9. Bd3 Bxd3 10. Qxd3 e6 11. Bd2 Nbd7 12. f4 Bd6 13. O-O-O Qc7 14. Qf3 O-O 15. Ne2 h5 16. g4 hxg4 17. Nxg4 Nxg4 18. Qxg4 f5 19. Qf3 Nf6 20. h5 Ng4 21. Rdg1 Rf6 22. Kb1 Rh6 23. Ng3 Qf7 24. c4 Rd8 25. Bc3 Rd7 26. a3  1/2-1/2

[Event "3rd Kolkata Open Grandmaster Chess Tournament "]
[Site "Kolkata India"]
[EventDate "2008.03.23"]
[Date "2008.03.27"]
[Round "4"]
[White "Arun Prasad, S"]
[WhiteTitle "IM"]
[WhiteElo "2423"]
[Black "Laznicka, Viktor"]
[BlackTitle "GM"]
[BlackElo "2595"]
[Result "0-1"]
[Source "MonRoi"]

1. d4 d5 2. c4 c6 3. Nf3 Nf6 4. e3 Bg4 5. h3 Bh5 6. Qb3 Qb6 7. Nc3 e6 8. Ne5 Nfd7 9. Nxd7 Nxd7 10. Bd3 Bg6 11. Bxg6 hxg6 12. Bd2 Be7 13. O-O-O Qxb3 14. axb3 Nb6 15. cxd5 exd5 16. Na4 Nd7 17. b4 g5 18. Nc5 O-O-O 19. f3 Rh6 20. Rhf1 b6 21. Nxd7 Rxd7 22. Kc2 Re6 23. Kd3 Kb7 24. Ra1 Bd6 25. Rh1 f5 26. Ra3 Rde7 27. Rha1 a5 28. Kc2 f4 29. R3a2 fxe3 30. Be1 e2 31. bxa5 Bc7 32. b4 Bb8 33. axb6 Kxb6 34. Ra6 Kb7 35. R1a5 Re3 36. Ra3 Rxa3 37. Rxa3 Bf4 38. Ra1 Kb6 39. Kd3 Re3 40. Kc2 Kb5 41. Bf2 Re6 42. Kc3 Be3 43. Bg3 Bf4 44. Bf2 Bc7 45. Kb3 Bd8 46. Kc3 c5 47. Kd3 cxb4 48. Be3 Bc7 49. Re1 Bf4 50. Bf2 Rc6 51. Kxe2 Rc2  0-1

[Event "3rd Kolkata Open Grandmaster Chess Tournament "]
[Site "Kolkata India"]
[EventDate "2008.03.23"]
[Date "2008.03.27"]
[Round "4"]
[White "Nguyen Anh, Dung"]
[WhiteTitle "GM"]
[WhiteElo "2525"]
[Black "Konguvel, Ponnuswamy"]
[BlackTitle "IM"]
[BlackElo "2394"]
[Result "1-0"]
[Source "MonRoi"]

1. d4 Nf6 2. c4 g6 3. Nc3 d5 4. Nf3 Bg7 5. Bf4 O-O 6. e3 c5 7. dxc5 Qa5 8. Rc1 dxc4 9. Bxc4 Qxc5 10. Bb3 Nc6 11. O-O Qa5 12. Qe2 Nh5 13. Nd5 Nxf4 14. exf4 Bg4 15. Nxe7 Nxe7 16. Qxe7 Bxf3 17. gxf3 Qd2 18. Qxb7 Qxf4 19. Rc4 Qf6 20. Rd1 Rae8 21. Kg2 h5 22. h4 Re7 23. Rd7 Rxd7 24. Qxd7 g5 25. Rc6 Qf4 26. Rc4 Qf6 27. Qc6 gxh4 28. Qxf6 Bxf6 29. Rc7 Bxb2 30. Rxa7 Kg7 31. a4 Bd4 32. Rd7 h3 33. Kxh3 Bxf2 34. a5 Kg6 35. a6 f6 36. Bd5 Rc8 37. a7 Bxa7 38. Rxa7 Kg5 39. Be6 Rc3 40. Ra5 Kg6 41. Bf5 Kh6 42. Be4 Rc1 43. Rf5 Kg7 44. Rxh5  1-0

[Event "3rd Kolkata Open Grandmaster Chess Tournament "]
[Site "Kolkata India"]
[EventDate "2008.03.23"]
[Date "2008.03.27"]
[Round "4"]
[White "Bakre, Tejas"]
[WhiteTitle "GM"]
[WhiteElo "2459"]
[Black "Adly, Ahmed"]
[BlackTitle "GM"]
[BlackElo "2551"]
[Result "1/2-1/2"]
[Source "MonRoi"]

1. d4 d5 2. c4 e6 3. Nc3 Nf6 4. cxd5 exd5 5. Bg5 c6 6. Qc2 Be7 7. e3 Nbd7 8. Bd3 Nf8 9. Nf3 Ne6 10. Bh4 g6 11. O-O O-O 12. Ne5 Ng7 13. Rab1 Ng4 14. Bxe7 Qxe7 15. Nxg4 Bxg4 16. b4 a6 17. a4 Rfd8 18. Rfc1 Bf5 19. b5 axb5  1/2-1/2

[Event "3rd Kolkata Open Grandmaster Chess Tournament "]
[Site "Kolkata India"]
[EventDate "2008.03.23"]
[Date "2008.03.27"]
[Round "4"]
[White "Nolte, Rolando"]
[WhiteTitle "-"]
[WhiteElo "2412"]
[Black "Dobrov, Vladimir"]
[BlackTitle "GM"]
[BlackElo "2501"]
[Result "1/2-1/2"]
[Source "MonRoi"]

1. e4 c6 2. Nc3 d5 3. d4 dxe4 4. Nxe4 Bf5 5. Ng3 Bg6 6. h4 h6 7. Nf3 Nd7 8. h5 Bh7 9. Bd3 Bxd3 10. Qxd3 e6 11. Bd2 Ngf6 12. O-O-O Qc7 13. Ne4 Be7 14. Kb1 Ng4 15. Qe2 O-O-O 16. g3 Qb6 17. Ne5 Ngxe5 18. dxe5 Qb5 19. c4 Qxe5 20. Bc3 Qf5 21. Bxg7 Rhg8 22. Bxh6 Nf6 23. Rxd8 Rxd8 24. f3 Rd4 25. g4 Qh7 26. Bc1 Nxe4 27. fxe4 Rxe4 28. Qd3 a5 29. a3 e5 30. Rf1 f6 31. Rd1 Kb8 32. Ka2 f5 33. gxf5 Rd4 34. Qe2 Rxd1 35. Qxd1 Qxf5 36. h6 e4 37. Qh1 Bf6 38. h7 Qe5 39. Qf1 Qd4 40. Qe2 Kc8 41. Be3 Qe5 42. Qg4 Kd8 43. Qg2 Ke7 44. Bc1 a4 45. Qc2 Kf7 46. Qg2 Bg7 47. Qg4 Bf6 48. Qd7 Kg6 49. Qxb7 Qe6 50. Qa6 e3 51. Bxe3 Qxe3 52. Qxa4 Qc1 53. h8N Kg7 54. Qb4 c5  1/2-1/2

[Event "3rd Kolkata Open Grandmaster Chess Tournament "]
[Site "Kolkata India"]
[EventDate "2008.03.23"]
[Date "2008.03.27"]
[Round "4"]
[White "Laxman, R R"]
[WhiteTitle "IM"]
[WhiteElo "2440"]
[Black "Rahman, Ziaur"]
[BlackTitle "GM"]
[BlackElo "2492"]
[Result "0-1"]
[Source "MonRoi"]

1. Nf3 d6 2. d4 Bg4 3. e4 Nf6 4. Nc3 e6 5. Be2 Be7 6. Bg5 O-O 7. h3 Bh5 8. O-O c6 9. Qd2 d5 10. e5 Nfd7 11. Bxe7 Qxe7 12. b4 Nb6 13. Rab1 N8d7 14. Nh2 Bxe2 15. Qxe2 a5 16. b5 c5 17. dxc5 Qxc5 18. Nd1 Qc4 19. Re1 Rac8 20. c3 Na4 21. Qd2 Nxc3 22. Rb3 Nxd1 23. Qxd1 Qc2 24. Qh5 Qd2 25. Rbe3 Rc1 26. Rxc1 Qxc1 27. Nf1 g6 28. Qg5 d4 29. Rg3 Qxg5 30. Rxg5 Rd8 31. f4 d3 32. Nd2 Nc5 33. Rg3 Rd4  0-1

[Event "3rd Kolkata Open Grandmaster Chess Tournament "]
[Site "Kolkata India"]
[EventDate "2008.03.23"]
[Date "2008.03.27"]
[Round "4"]
[White "Suvrajit, Saha"]
[WhiteTitle "IM"]
[WhiteElo "2363"]
[Black "Ghaem Maghami, Ehsan"]
[BlackTitle "GM"]
[BlackElo "2589"]
[Result "0-1"]
[Source "MonRoi"]

1. d4 Nf6 2. Nf3 c5 3. e3 g6 4. dxc5 Qa5 5. Nbd2 Qxc5 6. a3 Bg7 7. b4 Qc7 8. Bb2 O-O 9. c4 b6 10. Be2 Bb7 11. Rc1 d6 12. O-O Nbd7 13. Qb3 Rac8 14. Rfd1 Qb8 15. Qa2 Qa8 16. Qa1 Rfd8 17. Ne1 a6 18. Bf3 Rc7 19. h3 Rdc8 20. Bxb7 Qxb7 21. Rc2 Ne8 22. Bxg7 Nxg7 23. Rdc1 Ne6 24. Qa2 Ne5 25. Qb3 Nd7 26. Qd3 Ne5 27. Qb3 b5 28. cxb5 axb5 29. Rxc7 Rxc7 30. Rxc7 Nxc7 31. Nef3 Nxf3 32. Nxf3 Qc6 33. Nd4 Qc1 34. Kh2 e5 35. Qc2 Qxc2 36. Nxc2 f5 37. Kg3 Nd5 38. f4 Kf7 39. Kf3 Nc3 40. fxe5 dxe5 41. Na1 Ke6 42. Nb3 Kd5 43. Nc5 e4 44. Kf2 Kc4 45. g4 Nb1 46. gxf5 gxf5 47. Kg3 Nxa3 48. Kf4 Kxb4 49. Ne6 Kc4 50. Kxf5 Nc2 51. Kxe4 b4 52. Nf4 Ne1 53. Nd5 b3 54. Nb6 Kb4 55. Nd5 Kc5 56. Nc3 Kc4 57. Na4 Nd3 58. Nb6 Kc3 59. Nd5 Kc2 60. Nb6 Nf2 61. Kf3 Nxh3 62. Na4 Ng5 63. Kf4 Ne6 64. Kf5 Nc5 65. Nxc5 b2  0-1

[Event "3rd Kolkata Open Grandmaster Chess Tournament "]
[Site "Kolkata India"]
[EventDate "2008.03.23"]
[Date "2008.03.27"]
[Round "4"]
[White "David, Alberto"]
[WhiteTitle "GM"]
[WhiteElo "2557"]
[Black "Palit, Somak"]
[BlackTitle "-"]
[BlackElo "2340"]
[Result "1-0"]
[Source "MonRoi"]

1. e4 e5 2. Nf3 Nc6 3. Bb5 a6 4. Ba4 Nf6 5. Qe2 b5 6. Bb3 Bc5 7. a4 Rb8 8. axb5 axb5 9. O-O O-O 10. c3 d6 11. Rd1 Bb6 12. h3 Re8 13. d3 h6 14. Be3 Be6 15. Bc2 d5 16. Bxb6 Rxb6 17. d4 dxe4 18. Nxe5 Bd5 19. Nd2 Qd6 20. Ng4 Nxg4 21. hxg4 Qe7 22. Re1 Nb8 23. Nxe4 Re6 24. f3 c6 25. Qd2 Nd7 26. Ra7 Qd8 27. Qf4 Nf6 28. Qc7 Qxc7 29. Rxc7 Nxe4 30. fxe4 Bxe4 31. Bxe4 Rxe4 32. Rxe4 Rxe4 33. Rc8 Kh7 34. Rxc6 Rxg4 35. d5 Rg5 36. Rc5 b4 37. c4 b3 38. d6 Rxc5 39. d7 Rxc4 40. d8Q Rb4 41. Qe7 Rb8 42. Qxf7 Rb6 43. Qc7 Rb4 44. Qe5 Rb6 45. Qf5 Kg8 46. Qc5 Rb8 47. Qd6  1-0

[Event "3rd Kolkata Open Grandmaster Chess Tournament "]
[Site "Kolkata India"]
[EventDate "2008.03.23"]
[Date "2008.03.27"]
[Round "4"]
[White "Safin, Shukhrat"]
[WhiteTitle "GM"]
[WhiteElo "2493"]
[Black "Solomon, Kenny"]
[BlackTitle "IM"]
[BlackElo "2332"]
[Result "1-0"]
[Source "MonRoi"]

1. d4 Nf6 2. c4 e6 3. Nf3 c5 4. e3 b6 5. Nc3 Bb7 6. d5 exd5 7. cxd5 d6 8. e4 a6 9. Bd3 b5 10. O-O Be7 11. a4 b4 12. Nb1 O-O 13. Nbd2 Re8 14. h3 Bf8 15. Re1 Nbd7 16. a5 Ne5 17. Nxe5 dxe5 18. Nc4 Nd7 19. Bc2 Qc7 20. Ba4 Rad8 21. Bg5 f6 22. Be3 Bd6 23. Rc1 Rb8 24. Re2 Red8 25. Rec2 Rbc8 26. Qg4 Nf8 27. Nxd6 Qxd6 28. Bxc5 Qb8 29. h4 Kh8 30. h5 h6 31. Bxf8 Rxf8 32. Bd7 Rxc2 33. Rxc2 f5 34. Bxf5 Rf6 35. Rc4 Qd6 36. b3 Qe7 37. Qd1 Rf8 38. Qd2 Qf6 39. Rc7 Ba8 40. d6 Rd8 41. d7 Bc6 42. Rc8 Bb5 43. Qd6  1-0

[Event "3rd Kolkata Open Grandmaster Chess Tournament "]
[Site "Kolkata India"]
[EventDate "2008.03.23"]
[Date "2008.03.27"]
[Round "4"]
[White "Barua, Dibyendu"]
[WhiteTitle "GM"]
[WhiteElo "2491"]
[Black "Singh, D P"]
[BlackTitle "IM"]
[BlackElo "2326"]
[Result "1-0"]
[Source "MonRoi"]

1. e4 e5 2. Bc4 Nf6 3. d3 Bc5 4. Nf3 Nc6 5. O-O d6 6. c3 a6 7. Bb3 Ba7 8. Be3 O-O 9. Nbd2 Be6 10. Bc2 d5 11. Bg5 Qd6 12. Bxf6 gxf6 13. Nh4 Kh8 14. Qf3 Qd8 15. exd5 f5 16. Nxf5 Qg5 17. Ne3 Bd7 18. dxc6 Bxc6 19. Ne4 Qg6 20. Nf5 Rae8 21. Bb3 a5 22. a4  1-0

[Event "3rd Kolkata Open Grandmaster Chess Tournament "]
[Site "Kolkata India"]
[EventDate "2008.03.23"]
[Date "2008.03.27"]
[Round "4"]
[White "Ashwin, Jayaram"]
[WhiteTitle "IM"]
[WhiteElo "2478"]
[Black "Hasan, Mehdi"]
[BlackTitle "FM"]
[BlackElo "2320"]
[Result "1-0"]
[Source "MonRoi"]

1. e4 e5 2. Nf3 Nc6 3. Bc4 Bc5 4. c3 Nf6 5. d3 a6 6. Bb3 Ba7 7. h3 d6 8. Nbd2 O-O 9. Nf1 Ne7 10. Ng3 Ng6 11. O-O h6 12. d4 Bd7 13. Re1 Bc6 14. Qc2 Re8 15. dxe5 dxe5 16. Nf5 Qd7 17. Bd2 Rad8 18. Rad1 Qd3 19. Nxg7 Qxc2 20. Nxe8 Qxb2 21. Nxf6 Kg7 22. Re2 Nf4 23. Bxf4 Qxe2 24. Nh5 Kh7 25. Rxd8 Bxf2 26. Kh2 exf4 27. Rf8 Bg3 28. Kh1 Qf1 29. Ng1 Bxe4 30. Rxf7 Kh8 31. Rf8 Kh7 32. Nf6 Kg6 33. Nxe4 Qe1 34. Rf6 Kg7 35. Rf7 Kg6 36. Nxg3 fxg3 37. Rxc7 Qe4 38. c4 h5 39. c5 h4 40. Nf3 Qb1 41. Ng1 Qe4 42. Rd7 Qe3 43. Rd5 Kf6 44. Rh5 Qd4 45. Nf3 Qa1 46. Ng1 Qd4 47. Rd5 Qe3 48. c6 bxc6 49. Ra5 Qd3 50. Ra4 Kg5 51. Nf3 Kf6 52. Rxh4 c5 53. Rc4 Qf1 54. Ng1 Qf2 55. Ra4 Ke5 56. Rxa6 Kd4 57. Ra4 Kd3 58. Rg4 Kd2 59. Bc4 Qe3 60. Nf3 Kc3 61. Bb5 Qc1 62. Ng1 Qe3 63. Rxg3  1-0

[Event "3rd Kolkata Open Grandmaster Chess Tournament "]
[Site "Kolkata India"]
[EventDate "2008.03.23"]
[Date "2008.03.27"]
[Round "4"]
[White "Venkatesh, M R"]
[WhiteTitle "IM"]
[WhiteElo "2444"]
[Black "Arun, Karthik R"]
[BlackTitle "-"]
[BlackElo "2313"]
[Result "1-0"]
[Source "MonRoi"]

1. Nf3 Nf6 2. g3 b6 3. Bg2 Bb7 4. d3 d6 5. e4 g6 6. O-O Bg7 7. Re1 O-O 8. Nbd2 Nbd7 9. c3 c5 10. d4 cxd4 11. Nxd4 Qc7 12. Nf1 a6 13. Nc2 Nc5 14. f3 Rad8 15. g4 e5 16. g5 Nh5 17. Nb4 Nf4 18. Ne3 Qe7 19. h4 f6 20. Ned5 Nxd5 21. Nxd5 Bxd5 22. exd5 fxg5 23. hxg5 e4 24. f4 Rf5 25. b4 Bxc3 26. bxc5 Bxa1 27. Bxe4 Re8 28. c6 Qxe4 29. Rxe4 Rxe4 30. c7 Rc4 31. Ba3 Be5 32. fxe5 Rxg5 33. Kf2 Rf5 34. Kg3 Rxc7 35. Bb2 Rc5 36. Qa4 dxe5 37. Qe8 Kg7 38. Bxe5 Kh6 39. Qe7 Rg5 40. Kf3 Rf5 41. Ke3 Rxd5 42. Qh4 Rh5 43. Qf4 Rg5 44. Qf8 Kh5 45. Qf3  1-0

[Event "3rd Kolkata Open Grandmaster Chess Tournament "]
[Site "Kolkata India"]
[EventDate "2008.03.23"]
[Date "2008.03.27"]
[Round "4"]
[White "Shetty, Rahul"]
[WhiteTitle "IM"]
[WhiteElo "2320"]
[Black "Sundararajan, Kidambi"]
[BlackTitle "IM"]
[BlackElo "2442"]
[Result "0-1"]
[Source "MonRoi"]

1. e4 c5 2. Nf3 e6 3. d4 cxd4 4. Nxd4 Nf6 5. Nc3 d6 6. Be2 a6 7. f4 Nc6 8. Be3 Be7 9. g4 Nd7 10. Nf3 b5 11. Qd2 Bb7 12. a4 b4 13. Nd1 Nf6 14. Nf2 d5 15. e5 Ne4 16. Qc1 Nxf2 17. Bxf2 d4 18. Qd2 Qd5 19. b3 h5 20. g5 Rc8 21. Rf1 O-O 22. O-O-O Na5 23. Kb2 Rc3 24. Nxd4 Rfc8 25. Bxh5 Rxc2 26. Qxc2 Rxc2 27. Kxc2 Nxb3 28. Nxb3 Qc4 29. Kd2 Qxb3 30. Bd4 Be4 31. Be2 Bc5  0-1